1068 1990 1723 1357 1982 1757 1756 1245 1317 1609 1352 1069 1491 1942 1290 1766 1466 1325 1467 1000 1152 1795 1547 1314 1019 1530 1252 1033 1496 1160 1168 1144 1682 1823 1151 1598 1582 1213 1431 1993 1450 1823 1121 1445 1832 1403 1532 1635 1016 1362 1282 1472 1351 1993 1212 1233 1508 1364 1912 1247 1415 1744 1198 1160 1837 1383 1482 1983 1541 1616 1961 1415 1906 1099 1590 1561 1997 1953 1684 1410 1634 1639 1649 1949 1597 1944 1414 1027 1138 1137 1472 1734 1003 1664 1799 1208 1868 1549 1469 BCNSPRNW ULIB Ver.6.0+V

เปลี่ยนเป็นภาษาไทย

Change to English
 แสดงรายละเอียดบรรณานุกรม
  กลับหน้าหลัก

Brief Record : Get Marc (ISO 2709) : E-mail record : QR code < ปิดหน้าต่าง
LEADER : 00000nam 2200000uu 4500
001    13399120725
003     ULIB
008    121005s2552||||th 000 0 tha d
020    ^a9786165510431
060 04 ^aWS420^bน315ป
245 00 ^aปัญหาที่พบบ่อยในเด็ก :^bแนวทางการดูแลรักษา /^cนวลจันทร์ปราบพาล ... [และคนอื่นๆ] บรรณาธิการ
250    ^aพิมพ์ครั้งที่ 2
260    ^aกรุงเทพฯ :^bภาควิชากุมารเวชศาสตร์ คณะแพทยศาสตร์จุฬาลงกรณ์มหาวิทยาลัย,^c2552
300    ^ax, 774 หน้า :^bภาพประกอบ ;^c21 ซม.
650  7 ^aกุมารเวชศาสตร์
650  7 ^aเด็ก^xการดูแล
650  7 ^aเด็ก^xสุขภาพและอนามัย
650  7 ^aเด็ก, โรค^xการป้องกันและรักษา
700 0  ^aนวลจันทร์ ปราบพาล,^eบรรณาธิการ
710 2  ^aจุฬาลงกรณ์มหาวิทยาลัย. ^bคณะแพทยศาสตร์.^bภาควิชากุมารเวชศาสตร์
945    ^p0^l0^i16655
945    ^p0^l0^i16654
945    ^p0^l0^i16656
945    ^p0^l0^i16594
995    ^aวิภา
999 ^a ใช้งานได้ทุกระบบ
รายการนี้ยังไม่มีแท็ก
คุณยังไม่ได้ล็อกอิน คุณสามารถมีกิจกรรมร่วมกับเว็บไซต์ได้ แต่ต้องล็อกอินก่อน ::
  ล็อกอิน

รายการสื่อสารสนเทศ

ลำดับที่ ประเภท เลขเรียก/บาร์โค้ด สถานที่ สถานะ
- ไม่พบข้อมูล -

รายการใกล้เคียง
    หัวเรื่อง [กุมารเวชศาสตร์]
    หัวเรื่อง [เด็ก การดูแล]

BibComment


ยังไม่เคยถูกคอมเมนท์

คอมเมนท์ทรัพยากรรายการนี้
  คอมเมนท์: ปัญหาที่พบบ่อยใน..


 Copyright 2026. Bcnsprnw @Library